| 000 | 00652nam a2200193 a 4500 | ||
|---|---|---|---|
| 005 | 20210223123720.0 | ||
| 008 | 991125s1991 mx 000 0 spa u | ||
| 020 | _a968292877X | ||
| 035 | _aUPN01000058607 | ||
| 049 | _aCG | ||
| 050 | 4 |
_aHE2818 _bY38 |
|
| 100 | 1 |
_aYanes Rizo, Emma, _d1961- |
|
| 245 | 1 | 0 |
_aVida y muerte de Fidelita, la novia de Acámbaro : _buna historia social de la tecnología en los años cuarenta : el caso de los Ferrocariles Nacionales de México / _cEmma Yanes Rizo. |
| 260 |
_aMéxico : _bCNCA, _c1991. |
||
| 300 | _a197 p. | ||
| 440 | 0 | _aRegiones | |
| 650 | 4 |
_aFERROCARRILES - _zMEXICO - _xHISTORIA _917862 |
|
| 905 | _aLibro | ||
| 999 |
_c58607 _d58607 |
||